000 00588nam a22002177a 4500
003 UA-OsUOA
001 45120
007 ta
008 20070327b un ||||| |||| 00| 0 ukr d
100 _aЭльянов А.
090 _a330
_bЭ-11
942 _cSA
040 _aUA-OsUOA
_brus
_cUA-OsUOA
_dUA-OsUOA
245 _aРазвивающиеся страны в мировой экономике: тенденция и проблемы
300 _aС.3-16
955 _a0
041 _arus
080 _a330
773 0 _w45119
650 7 _a330 Економіка взагалі
_2UDC
999 _c331228
_d331228